Informe nacional sobre desarrollo humano 2013 (Registro nro. 1156)

Detalles MARC
000 -LEADER
fixed length control field 01252 a2200229 4500
001 - CONTROL NUMBER
control field 24056
005 - DATE AND TIME OF LATEST TRANSACTION
control field 20260407155526.0
008 - FIXED-LENGTH DATA ELEMENTS--GENERAL INFORMATION
fixed length control field 260407a2013 arg spa d
003 - CONTROL NUMBER IDENTIFIER
control field AR-UNSa-BCEJYS
040 ## - CATALOGING SOURCE
Original cataloging agency AR-UNSa-BCEJYS
Language of cataloging spa
Transcribing agency AR-UNSa-BCEJYS
080 ## - UNIVERSAL DECIMAL CLASSIFICATION NUMBER
Universal Decimal Classification number 316.42
Common auxiliary subdivision Cambio social en sociedades globales. Desarrollo social. Sociología del desarrollo (Desarrollo Humano)
020 ## - INTERNATIONAL STANDARD BOOK NUMBER
International Standard Book Number 978-987-1560-47-9
041 ## - LANGUAGE CODE
Language code of text/sound track or separate title spa
100 1# - MAIN ENTRY--PERSONAL NAME
Personal name Programa de las Naciones Unidas para el Desarrollo (PNUD)
245 10 - TITLE STATEMENT
Title Informe nacional sobre desarrollo humano 2013
Name of part/section of a work Argentina en un mundo incierto: Asegurar el desarrollo humano en el siglo XXI
264 #1 - PRODUCTION, PUBLICATION, DISTRIBUTION, MANUFACTURE, AND COPYRIGHT NOTICE
Place of production, publication, distribution, manufacture Buenos Aires :
Name of producer, publisher, distributor, manufacturer PNUD
Date of production, publication, distribution, manufacture, or copyright notice 2013
300 ## - PHYSICAL DESCRIPTION
Extent 149 p.
Dimensions 29 cm.
505 ## - FORMATTED CONTENTS NOTE
Formatted contents note 1. Los logros del desarrollo humano en Argentina - 2. Tendencias globales de un mundo incierto: oportunidades y desafíos para el desarrollo humano - 3. Capital humano para el desarrollo y la igualidad - 4. Innovación productiva para un cambio estructural - 5. Inserción internacional inteligente para la globalización
590 ## - LOCAL NOTE (RLIN)
Local note niveau_biblio:m niveau_hierar:0
856 41 - ELECTRONIC LOCATION AND ACCESS
Uniform Resource Identifier <a href="https://biblioeco.unsa.edu.ar/pmb/images/libros/Informe Nacinal sobre Desarrollo Humano 2013.jpg">https://biblioeco.unsa.edu.ar/pmb/images/libros/Informe Nacinal sobre Desarrollo Humano 2013.jpg</a>
Link text Imagen de portada
Electronic format type image/jpeg
942 ## - ADDED ENTRY ELEMENTS (KOHA)
Koha item type
Existencias
Withdrawn status Lost status Damaged status Not for loan Home library Current library Shelving location Date acquired Total checkouts Full call number Barcode Date last seen Price effective from Koha item type
        Biblioteca Prof. Eusebio Cleto del Rey Biblioteca Prof. Eusebio Cleto del Rey   07/04/2026   316.42 P962n/13 L119598 07/04/2026 07/04/2026 Libro